Stanislavski : la tècnica de l'actor / Ramon Simó i Vinyes la tècnica de l'actor / Ramon Simó i Vinyes
Descripción Física:
95 p. ; 17 cm
Colección:
Materials pedagògics ; 5
MARC
| LEADER | 00000nam a2200000Ia 4500 | ||
|---|---|---|---|
| 001 | 8725 | ||
| 008 | 160829s1989 xx 000 0 cat d | ||
| 080 | |a B-1-254 | ||
| 100 | |a Simó, Ramon, |d 1961- |9 20059 | ||
| 245 | |a Stanislavski : |b la tècnica de l'actor / Ramon Simó i Vinyes | ||
| 260 | |a Barcelona : |b Institut del Teatre. Diputació de Barcelona, |c 1989 | ||
| 300 | |a 95 p. ; |c 17 cm | ||
| 490 | |a Materials pedagògics ; 5 | ||
| 650 | |a Stanislavskij, Konstantin |9 20060 | ||
| 650 | |a Art dramàtic |x Metodologia |9 30489 | ||
| 710 | 1 | |a Institut del Teatre (Barcelona, Catalunya) |9 52662 | |
| 901 | |a Arxiu | ||
| 942 | |n 1 | ||
| 952 | |0 0 |1 0 |4 0 |6 B1254 |7 1 |9 45429 |a Arxiu |b Arxiu |d 2016-12-01 |l 0 |o B-1-254 |p 8725 |r 2016-12-01 00:00:00 |w 2016-12-01 |y ARXIU | ||
| 999 | |c 48551 |d 48551 | ||